00645nam a2200157 a 450000100100000000500170001000800410002704000250006810000610009324501150015426000670026930000200033604900090035695201050036599900170047000002753220250217091458.0110401s1995 dr 000 0 spa d aDO-SdBNPbspacBNPHU1 a López Rodríguez, Nicolás de Jesús, d1936-967010aCarta pastoral sobre la catequesis desde hace 500 años /cNicolás de Jesús Cardenal López Rodríguez. aSanto Domingo :bConferencia del Episcopado Dominicano,c1995. a54 p. ;c22 cm. aBNPD 0010718PDaPDbPDcCTd2011-04-01iLF1l0o p27532-10r2020-06-25w2020-06-25yLFPDZNo se presta c27024d27024